| 000 | 00764nmc a2200289 a 4500 | ||
|---|---|---|---|
| 003 | AR-BaBNM | ||
| 005 | 20251128203301.0 | ||
| 008 | 027019s1965 ||||||||||||||000 | spa|| | ||
| 040 | _cAR-BaBNM | ||
| 100 | 1 | _aVerne, Julio | |
| 245 | 1 | 0 |
_a20000 leguas de viaje submarino _n1 |
| 246 | 1 | _aVeinte mil leguas de viaje submarino | |
| 260 |
_aBuenos Aires _bKapelusz _c1965 |
||
| 300 | 0 |
_a175 p. _bil. |
|
| 490 | 0 | _aIridium | |
| 650 | 4 | _aLITERATURA INFANTIL | |
| 650 | 4 | _aLIBROS PARA NINOS | |
| 650 | 4 | _aLITERATURA FRANCESA | |
| 650 | 4 | _aCIENCIA FICCION | |
| 650 | 4 | _aESCRITORES | |
| 653 | _aLITERATURA FANTASTICA | ||
| 653 | _aNOVELA DE AVENTURAS | ||
| 655 | _aLITERATURA | ||
| 700 | 1 |
_aGuibourg, Roberto _etraductor |
|
| 942 | _cBK | ||
| 998 | _cMARTIN | ||
| 999 |
_c2709 _d2709 |
||